2102-明智鉄道の駅 - Statistics

General Stats
  • This quiz has been taken 44 times
  • The average score is 7 of 11
Answer Stats
本線 % Correct
恵那
100%
明智
97%
花白温泉
65%
極楽
61%
岩村
61%
山岡
58%
阿木
52%
飯羽間
52%
東野
48%
飯沼
48%
野志
48%
No matching quizzes found
Score Distribution
Percent of People with Each Score
Percentile by Number Answered
Your Score History
You have not taken this quiz